LEADER 01153nam a2200265 u 4500 001 000000113608 003 CaOOAMICUS 005 20081021161920.0 008 081021s2007 it u000 u ita r 020 $z978-88-7094-642-0* 040 $aPUL$bita$dLDB 100 1 $aVanni Rovighi, Sofia,$d1908-1990.$0(OLS)http://pul/name/5652 245 10$aFilosofia della conoscenza /$cSofia Vanni Rovighi ; prefazione di Alessandro Ghisalberti. 260 $aBologna :$bEdizioni Studio Domenicano,$cc2007. 300 $a448 p. ;$c21 cm. 490 1 $aCollana "Philosophia" ;$v33 504 $aBibliografia in nota. 650 4$aFilosofia della conoscenza.$0(OLS)http://pul/subject/33173 830 0$aCollana "Philosophia" ;$v33.$0(OLS)http://pul/title/3104 850 $aPUL 852 $aPUL$W1$xSL Filosofia 3$y81$m121 VANSO 1$j129803$qDDC 21$q $B128859$CPULBib$Z2$F128859 $H108445 $81 941 1 $a9 996 $6020$z978-88-7094-642-0*$9(OLS)http://pul/number/138941 996 $6245$aFilosofia della conoscenza$9(OLS)http://pul/title/18007 996 $6260$aBologna :$bEdizioni Studio Domenicano$9(OLS)http://pul/publisher/49136 LEADER 00761naa a2200193 u 4500 001 000000094560 003 CaOOAMICUS 005 20070226130139.0 008 040504s1974 it u000 u ita u 035 $a10993389 040 $aIAR$bita 100 1 $aBillanovich, Guido.$0(OLS)http://pul/name/60745 245 10$aAppunti per la diffusione di Seneca tragico e di Catullo /$cGuido Billanovich. 260 $aPadova :$bAntenore,$c1974. 300 $av.1, S. 147-166, ;$c25 cm 773 0 $aTra latino e volgare : Per Carlo Dionisotti. 773 0 $tTra latino e volgare : per Carlo Dionisotti$w()19450 996 $6245$aAppunti per la diffusione di Seneca tragico e di Catullo$9(OLS)http://pul/title/121428 996 $6260$aPadova :$bAntenore$9(OLS)http://pul/publisher/48020